| Поле | Инд. | ПП | Название | Значение |
|---|---|---|---|---|
| Тип записи | a | |||
| Библиографический уровень | m | |||
| 001 | Контрольный номер | RU\CSU\Knigi\53557 | ||
| 005 | Дата корректировки | 20140225221744.7 | ||
| 008 | Кодируемые данные | 091023s1979 RU a j 000 0 rus u | ||
| 040 | c | Служба, преобразующая запись | 45413096 | |
| d | Организация, изменившая запись | НБ ТвГУ | ||
| 041 | a | Код языка текста | rus | |
| h | Код языка оригинала | rus | ||
| 044 | a | Код страны публикации | RU | |
| 084 | a | Индекс другой классификации/Индекс ББК | В144.3я73-1 | |
| 084 | a | Индекс другой классификации/Индекс ББК | В37я73-1 | |
| 090 | a | Полочн. индекс | 517.123 | |
| x | Авторский знак | К 43 | ||
| 100 | 1_ | a | Автор | Киреев Петр Семенович |
| q | Полное имя | Киреев П. С. | ||
| 245 | 10 | a | Заглавие | Введение в теорию групп и ее применение в физике твердого тела |
| b | Продолж. заглавия | учебное пособие для студентов втузов | ||
| 260 | a | Место издания | Москва | |
| b | Издательство | Высшая школа | ||
| c | Дата издания | 1979 | ||
| 300 | a | Объем | 206, [2] с. | |
| b | Иллюстрации/ тип воспроизводства | ил. | ||
| c | Размеры | 22 см | ||
| 504 | a | Библиография | Библиогр.: с. 205 (17 назв.) | |
| 650 | a | Основная рубрика | Группы | |
| x | Основная подрубрика | Теория | ||
| 650 | a | Основная рубрика | Твердые тела | |
| x | Основная подрубрика | Математические методы | ||
| x | Основная подрубрика | Физика | ||
| 650 | a | Основная рубрика | Физико-математические науки | |
| x | Основная подрубрика | Алгебра | ||
| x | Основная подрубрика | Математика | ||
| x | Основная подрубрика | Физика | ||
| x | Основная подрубрика | Физика твердого тела. Кристаллография | ||
| 653 | a | Ключевые слова | Группы | |
| a | Ключевые слова | Математические методы | ||
| a | Ключевые слова | Твердые тела | ||
| a | Ключевые слова | Учебники | ||
| a | Ключевые слова | Физика | ||
| a | Ключевые слова | Физика полупроводников | ||
| a | Ключевые слова | Физика твердого тела | ||
| 901 | t | Тип документа | m | |
| 920 | a | Оператор | Шалы | |
| 954 | a | Дата поступления на обработку | 20101113 |